000 00625nam a22001937a 4500
005 20250430140612.0
010 _aENG-144767
020 _c950.00
_a9789395912600
035 _aEN-128299
037 _bDBAD
082 _a954.11
_21
100 _aSambyal, Vijay Kumar
_980959
245 _aCultural Heritage of Jammu & Kashmir/
_cby Vijay Kumar Sambyal
250 _a1
260 _bGoel Publications
_c2024
_aNew Delhi
270 _aG-Floor, 4855/24, Ansari Road, Darya Ganj
_bNew Delhi
_e110002
_k9999819813
_mgoelpublications@gmail.com
300 _a277p.
_c22cm(hb)
942 _2ddc
_cEN
_h954.11
_mSAM
_e1
999 _c209546
_d209546